000 01347nam a2200385 a 4500
001 21159
003 VRT
005 20260221110908.0
008 251029s1952 xo slo
015 _aSKSNBA19451955-004735
035 _aSK01SNKBKSFS20010069019
035 _aSKM000071482
039 9 _a202510291225
_bVLOAD
_c202109291408
_dmsnk115
_c201907041103
_dAUTHORITY
_c201907041023
_dAUTHORITY
040 _aSNK
_bslo
_cSNK
_eAACR2
041 0 _aslo
044 _axo
_cSK
080 _a885.4
_21981
100 1 _aJesenský, Janko,
_d1874-1945
_4aut
245 1 0 _aOstrým perom
_cJanko Jesenský ; (uspor. H. Strýčková)
260 _aBratislava
_bSmena
_c1952
_eMartin
_fStredoslovenské tlač.
300 _a52, [4] s.
_c
490 0 _aNárodná poézia
_vsv. 5
563 _a7.500 výtlač.
655 7 _aumelecká literatúra
_2SNKPH
655 7 _aslovenská poézia
_2SNKPH
700 1 _aStrýčková, Hana
_4com
830 0 _aNárodná poézia
942 _2ddc
_cKLDO
_n0
949 _6273K0220467
_asvkpoA 56753
_bsvkpo131552
949 _6273K0220466
_asvkpoA 56753a
_bsvkpo138099
949 _617A7633236
_asnkSD 8191/5 D1
_bsnkD 2014/60
949 _617A7633235
_asnkSD 8191/5 D2
_bsnkF 1384/75
949 _617A7633234
_asnkSD 8191/5 D3
_bsnkD 400/60
999 _c21159
_d21159